000
00291nam a2200097Ia 4500
008
240331s9999 xx 000 0 und d
082
_b
REA
100
_a
The reader's digest great encyclopaedic dictionary. ed
245
4
_a
The reader's digest great encyclopaedic dictionary :
_b
vol.3
942
_c
L
999
_c
3274
_d
3274